| 000 | 01274nam a22002655i 4500 | ||
|---|---|---|---|
| 001 | 160842 | ||
| 003 | ES-MaACL | ||
| 005 | 20250812173931.0 | ||
| 008 | 990520s1870 sp |||| | spa d | ||
| 080 | _a94(460)"1843/73" | ||
| 080 | _a32:929 Montpensier, Antonio María Felipe Luis de Orleáns, Duque de | ||
| 100 | 1 |
_aNuñez de Prado, Manuel. _9130556 |
|
| 245 | 1 | 0 |
_aPolítica montpensierista : _bcolección de artículos que con este título ha publicado en el periódico La Opinión nacional D. Manuel Nuñez de Prado. |
| 250 |
_a2ª ed. _besmeradamente corr. y precedida de una dedicatoria al Duque de Montpensier y un prólogo del mismo autor. |
||
| 260 |
_aMadrid : _b[s.n.], _c1870 ( _fImp. de Nicanor Pérez Zuloaga) |
||
| 300 |
_a113 p. ; _c22 cm. |
||
| 510 | 4 |
_aPalau, _cT. XI, 197446 |
|
| 530 | _aDisponible en formato digital. | ||
| 600 | 1 | 7 |
_aMontpensier, Antonio María Felipe Luis de Orleáns, _cDuque de, _d1824-1890- _xPensamiento político _2 _9140426 |
| 651 | 4 |
_aEspaña- _xHistoria- _y1843-1873. _98258 |
|
| 740 | 3 | 2 | _aLa Opinión nacional. |
| 852 |
_aES-MaACL _jE-13126 _z- Enc. piel _z- Dedicatoria autógrafa del autor |
||
| 856 |
_uhttps://binadi.navarra.es/registro/00013421 _zBiblioteca Navarra Digital |
||
| 999 |
_c160842 _d160842 |
||